00443cam a22001217a 4500008004000000082002700040245008900067260004800156300001000204440004800214650003100262700002800293180718b2006 xxu||||| |||| 00| 0 eng d aO065x54 SR57/1999-2003 aSRS based abridged life tables, 1999-2003cby Office of the Registrar General, India aDelhibThe Controller of Publicationsc2006 a39+p. aSRS Analytical Studies. Report No.1 of 2006 aMortality - Tables - India aOffice of the Registrar